|
|
|
|
| LEADER |
00000nam0a2200000 4500 |
| 001 |
46892 |
| 005 |
20231101211044.0 |
| 035 |
|
|
|a (RuTPU)RU\TPU\book\48963
|
| 090 |
|
|
|a 46892
|
| 100 |
|
|
|a 20030129d1973 k y0rusy50 ca
|
| 101 |
1 |
|
|a rus
|c eng
|
| 102 |
|
|
|a RU
|
| 105 |
|
|
|a a z 001zy
|
| 200 |
1 |
|
|a Химия ацетиленовых соединений
|e пер. с англ.
|f И. Дале, Е. Винтерфельд, М. Джулиа и др.
|g Под ред. В. Ф. Кучерова
|
| 210 |
|
|
|a Москва
|c Химия
|d 1973
|
| 215 |
|
|
|a 414 с.
|c ил.
|
| 300 |
|
|
|a Авт. указ. в содерж.
|
| 320 |
|
|
|a Библиогр. в конце глав.
|
| 320 |
|
|
|a Предм. указ.: с. 408-414.
|
| 606 |
1 |
|
|a Ацетилен, соединения
|x Химия
|2 stltpush
|3 (RuTPU)RU\TPU\subj\29837
|9 53084
|
| 610 |
1 |
|
|a строение
|
| 610 |
1 |
|
|a свойства
|
| 610 |
1 |
|
|a реакции
|
| 610 |
1 |
|
|a тройная связь
|
| 610 |
1 |
|
|a ионные реакции
|
| 610 |
1 |
|
|a присоединение
|
| 610 |
1 |
|
|a свободные радикалы
|
| 610 |
1 |
|
|a ацетиленовые соединения
|
| 675 |
|
|
|a 547.314
|v 3
|
| 701 |
|
1 |
|a Дале
|b И.
|
| 701 |
|
1 |
|a Винтерфельд
|b Е.
|
| 701 |
|
1 |
|a Джулиа
|b М.
|
| 701 |
|
1 |
|a Фукс
|b Р.
|
| 701 |
|
1 |
|a Вийе
|b Г. Г.
|
| 702 |
|
1 |
|a Кучеров
|b В. Ф.
|g Виктор Федорович
|4 340
|
| 801 |
|
1 |
|a RU
|b 63413507
|c 20030129
|g PSBO
|
| 801 |
|
2 |
|a RU
|b 63413507
|c 20170307
|g PSBO
|
| 942 |
|
|
|c BK
|